Tuyển tập Pushkin
Gardado en:
| Autor Principal: | |
|---|---|
| Formato: | Libro |
| Idioma: | Undetermined |
| Publicado: |
Tp. Hồ Chí Minh
Văn Nghệ
1999
|
| Những chủ đề: | |
| Các nhãn: |
Engadir etiqueta
Sen Etiquetas, Sexa o primeiro en etiquetar este rexistro!
|
| Thư viện lưu trữ: | Trung tâm Học liệu Trường Đại học Cần Thơ |
|---|
| LEADER | 00475nam a2200181Ia 4500 | ||
|---|---|---|---|
| 001 | CTU_91407 | ||
| 008 | 210402s9999 xx 000 0 und d | ||
| 082 | |a 891.7 | ||
| 082 | |b P987 | ||
| 100 | |a Pushkin, A. | ||
| 245 | 0 | |a Tuyển tập Pushkin | |
| 245 | 0 | |c A. Pushkin | |
| 260 | |a Tp. Hồ Chí Minh | ||
| 260 | |b Văn Nghệ | ||
| 260 | |c 1999 | ||
| 650 | |a Russian literature | ||
| 904 | |i Vương | ||
| 980 | |a Trung tâm Học liệu Trường Đại học Cần Thơ | ||